| 000 | 00621nam a2200205 4500 | ||
|---|---|---|---|
| 001 | 13144 | ||
| 003 | ES-MaACL | ||
| 005 | 20230906150516.0 | ||
| 007 | t| | ||
| 008 | 000000s19850000sp ||||0| spa d | ||
| 016 | 7 | _zIBH8605109367 | |
| 020 | _a84-398-4332-1 | ||
| 040 |
_aIBH _bspa _cM-BN-DP |
||
| 080 | _a860-14"19" | ||
| 100 | 1 |
_aCuadrado Alvárez, Rafael. _941890 |
|
| 245 | 1 | 0 |
_aDel sentimento de mi tierra y de otros sentimientos _b: (poemario) / _cRafael Cuadrado Alvarez. |
| 260 |
_a[Madrid] : _bRafael Cuadrado Alvarez, _cD.L. 1985. |
||
| 300 |
_a88 p. ; _c22 cm. |
||
| 852 |
_aES-MaACL _jL-20494 _bR.124560 |
||
| 999 |
_c13144 _d13144 |
||